000 00875nam a22002417a 4500
999 _c7083
_d7083
003 AR-CdUCM
008 190319b ||||| |||| 00| 0 esp d
040 _aMUNICIPALIDAD PROVINCIAL DEL CUSCO
_cBIBLIOTECA MUNICIPAL DEL CUSCO
082 _a149.96 /
_bL38
245 _aEstructuralismo y marxismo /
260 _aMéxico :
_bGrijalbo,
_c1970.
300 _a155 páginas ;
_c18 cm.
440 _aColección 70
_92202
505 _aContenido: Forma, función y estructura de El Capital -- Estructuralismo e historia -- Para el estructuralismo histórico -- Las aporías del estructuralismo y la crítica marxista .
650 _aEstructuralismo (Filosofía)
_919943
650 _aMarxismo
_924
700 _aLefebvre,
_919944
700 _aSánchez Vázquez
_919945
700 _aNils Castro
_919946
700 _aLuperini
_919947
942 _2ddc
_cLIBROS
945 _aacrt